| 000 | 01656cam a22003735i 4500 | ||
|---|---|---|---|
| 999 |
_c27869 _d27840 |
||
| 001 | 15668359 | ||
| 003 | EG-ScBUE | ||
| 005 | 20191126121713.0 | ||
| 008 | 090320r20081998enk f b 000 d eng d | ||
| 020 | _a9780199538041 (pbk.) | ||
| 035 | _a(OCoLC)ocn251239094 | ||
| 040 |
_aUKM _cUKM _dBTCTA _dYDXCP _dDLC _beng _erda |
||
| 041 | 1 |
_aeng _hswe |
|
| 082 | 0 | 4 |
_a839.726 _bSTR _222 |
| 100 | 1 |
_aStrindberg, August, _d1849-1912, _eauthor. _930805 |
|
| 240 | 1 | 0 |
_aPlays. _kSelections. _lEnglish |
| 245 | 1 | 0 |
_aMiss Julie : _band other plays / _cAugust Strindberg ; translated with an introduction and notes by Michael Robinson. |
| 264 | 1 |
_aOxford ; _aNew York : _bOxford University Press, _c2008. |
|
| 300 |
_axlvii, 313 pages ; _c20 cm. |
||
| 336 |
_atext _btxt _2rdacontent |
||
| 337 |
_aunmediated _bn _2rdamedia |
||
| 338 |
_avolume _bnc _2rdacarrier |
||
| 490 | 0 | _aOxford world's classics | |
| 504 | _aIncludes bibliographical references. | ||
| 505 | 0 | _aThe father -- Miss Julie -- The dance of death -- A dream play -- The ghost sonata. | |
| 520 | _aStrindberg was one of the most extreme and most influential theatrical innovators of the late 19th century. The five plays translated here are those upon which Strindberg's international reputation as a dramatist principally rests. | ||
| 546 | _aText in English ; translated from Swedish. | ||
| 600 | 1 | 7 |
_aStrindberg, August, _d1849-1912 _vTranslations into English. _2BUEsh |
| 650 | 7 |
_aSwedish drama. _2BUEsh _941996 |
|
| 653 |
_bHHUUEENN _cNovember2019 |
||
| 655 | _vText book | ||
| 700 | 1 |
_aRobinson, Michael, _d1944 July 13- _etranslator, _eeditor, _eauthor of introduction, etc. |
|
| 942 |
_2ddc _cTXT |
||